Twenty-six translations of the Bible : (Record no. 2348)
[ view plain ]
| 000 -LEADER | |
|---|---|
| fixed length control field | 00800cam a2200217 a 4500 |
| 001 - CONTROL NUMBER | |
| control field | 12789402 |
| 003 - CONTROL NUMBER IDENTIFIER | |
| control field | OCoLC |
| 005 - DATE AND TIME OF LATEST TRANSACTION | |
| control field | 20181011180300.0 |
| 008 - FIXED-LENGTH DATA ELEMENTS--GENERAL INFORMATION | |
| fixed length control field | 860106s1985 gau 000 0 eng |
| 010 ## - LIBRARY OF CONGRESS CONTROL NUMBER | |
| LC control number | 86101070 //r86 |
| 040 ## - CATALOGING SOURCE | |
| Original cataloging agency | DLC |
| Transcribing agency | DLC |
| Modifying agency | STU |
| 050 0# - LIBRARY OF CONGRESS CALL NUMBER | |
| Classification number | BS125 |
| Item number | .B5 |
| 082 0# - DEWEY DECIMAL CLASSIFICATION NUMBER | |
| Classification number | REF 220.5 |
| Edition number | 19 |
| Item number | V364T |
| 130 0# - MAIN ENTRY--UNIFORM TITLE | |
| Uniform title | Bible. |
| Language of a work | English. |
| Date of a work | 1985. |
| 245 10 - TITLE STATEMENT | |
| Title | Twenty-six translations of the Bible : |
| Statement of responsibility, etc. | Curtis Vaughan, general editor. |
| Remainder of title | Volume 3 New Testament : Matthew - Revelation / |
| 260 ## - PUBLICATION, DISTRIBUTION, ETC. | |
| Place of publication, distribution, etc. | Atlanta, GA : |
| Name of publisher, distributor, etc. | Mathis Publishers : |
| -- | Distributed by American Home Libraries, |
| Date of publication, distribution, etc. | c1985. |
| 300 ## - PHYSICAL DESCRIPTION | |
| Extent | 3 v. ; |
| Dimensions | 23 cm. |
| 505 0# - FORMATTED CONTENTS NOTE | |
| Formatted contents note | v. 1. Old Testament, Genesis--Esther -- v. 2. Old Testament, Job--Malachi -- v. 3. New Testament, Matthew--Revelation. |
| 700 1# - ADDED ENTRY--PERSONAL NAME | |
| Personal name | Vaughan, Curtis. |
| 942 ## - ADDED ENTRY ELEMENTS (KOHA) | |
| Source of classification or shelving scheme | Dewey Decimal Classification |
| Koha item type | Reference |
| Withdrawn status | Lost status | Source of classification or shelving scheme | Damaged status | Not for loan | Collection code | Home library | Current library | Shelving location | Date acquired | Serial Enumeration / chronology | Total Checkouts | Full call number | Barcode | Date last seen | Price effective from | Koha item type |
|---|---|---|---|---|---|---|---|---|---|---|---|---|---|---|---|---|
| Dewey Decimal Classification | Not For Loan | Reference | Harvest Mission College | Harvest Mission College | Reference | 11.10.2018 | Vol - 3 | REF 220.5 V364T | 000800 | 11.10.2018 | 11.10.2018 | Reference |
